Ekoplagát ´17 : Považská galéria umenia v Žiline : 29.6.-27.8.2017 /

Uložené v:
Podrobná bibliografia
Hlavný autor: Dorincová, Dana (Author, Curator, Photographer)
Ďalší autori: Thompson, Tereza (Translator)
Médium: Kniha
Jazyk:Slovak
English
Vydané: Banská Bystrica : Štátna ochrana prírody Slovenskej republiky, [2017].
Témy:
ISBN: 9788081840494
Fyzický popis: 111 strán : fotografie ; 21 cm.
Tagy: Pridať tag
Žiadne tagy, Buďte prvý kto otaguje tento záznam!

MARC

LEADER 00000nam a2200000 i 4500
001 000710708
005 20260302082836.0
008 240318s2017 xo g c 000 0 slo d
FMT
020 |a 9788081840494  |q (brožované) 
040 |a SVKKK  |b slo  |c SVKKK  |e rda 
041 1 |a slo  |a eng  |h slo 
043 |a x------ 
044 |a xo  |c SK 
072 7 |a 76  |x Grafické umenie. Grafika  |2 konspekt 
080 |a 76  |2 2011 
080 |a 659.133.1:766  |2 2011 
080 |a 502/504  |2 2011 
080 |a 502.17  |2 2011 
080 |a 7.092-027.543  |2 2011 
080 |a (100)  |2 2011 
080 |a (083.824)  |2 2011 
100 1 |a Dorincová, Dana  |4 aut  |4 cur  |4 pht 
245 1 0 |a Ekoplagát ´17 :  |b Považská galéria umenia v Žiline : 29.6.-27.8.2017 /  |c kurátorka a autorka katalógu: Dana Doricová ; preklad do angličtiny: Tereza Thompson. 
264 1 |a Banská Bystrica :  |b Štátna ochrana prírody Slovenskej republiky,  |c [2017]. 
300 |a 111 strán :  |b fotografie ;  |c 21 cm. 
336 |a text  |b txt  |2 rdacontent 
336 |a statický obraz  |b sti  |2 rdacontent 
337 |a bez média  |b n  |2 rdamedia 
338 |a zväzok  |b nc  |2 rdacarrier 
366 |e 300 kusov 
500 |a Obálkový podnázov: Medzinárodná súťažná prehliadka plagátov s tématikou ochrany prírody a životného prostredia 
546 |a Súbežný podnázov a text v angličtine 
650 0 7 |a grafika  |2 SVKKKPH 
650 0 7 |a umelecké plagáty  |2 SVKKKPH 
650 0 7 |a životné prostredie  |2 SVKKKPH 
650 0 7 |a ochrana prírody  |2 SVKKKPH 
650 0 7 |a medzinárodné súťaže  |2 SVKKKPH 
650 0 7 |a prints  |2 SVKKKPHeng 
650 0 7 |a artistic posters  |2 SVKKKPHeng 
650 0 7 |a environment  |2 SVKKKPHeng 
650 0 7 |a nature conservation  |2 SVKKKPHeng 
650 0 7 |a international competitions  |2 SVKKKPHeng 
651 7 |a krajiny sveta  |2 SVKKKPH 
651 7 |a countries of the world  |2 SVKKKPHeng 
655 7 |a katalógy výstav  |2 SVKKKPH 
655 7 |a exhibition catalogs  |2 SVKKKPHeng 
700 1 |a Thompson, Tereza  |4 trl 
910 |a svkkk 
919 |a 978-80-8184-049-4 
998 |a BK 
OWN
Z30 1 |l SCK01  |l SCK01  |m BOOK  |1 SCKHL  |2 SK2  |b Sklad Hlavná 10 prízemie  |3 III.256646  |6 1128012  |q 20240318  |5 2721099113  |8 20240318  |f 20  |s Povinný výt.  |g 000169795  |z 14.00  |t 20240426  |u 0804  |w 000710708  |x 000010 
a02 0 |a 9788081840494 
090 |g SCKHL  |k Sklad Hlavná 10 prízemie  |a III.256646  |j 1128012  |i 2721099113  |s Povinný výt.